Volcanoes

Bibliographic Details
Main Authors: Decker, Robert W. [ (Robert Wayne)] , 1927- (Author), Decker, Barbara , 1929- (Author)
Format: Book
Published: San Francisco : W. H. Freeman , 1981
Subjects:

MARC

LEADER 00000cam a2200000 7i4500
001 0000003722
005 20160927093000.0
008 021118n
020 |a 0716712415 ,   |c hbk 
090 0 0 |a QE521   |b .D32 
100 0 |a Decker, Robert W. [  |q (Robert Wayne)] ,   |d 1927- ,   |e author 
245 0 0 |a Volcanoes   |c Robert Decker and Barbara Decker 
260 2 |a San Francisco :   |b W. H. Freeman ,   |c 1981 
300 |a 244 p. : ill. ; ;   |c 23 cm. 
504 |a Includes index 
650 0 |a Volcanoes 
700 0 |a Decker, Barbara ,   |d 1929- ,   |e author 
999 |a 1000032532   |b Book   |c OPEN SHELF (30 DAYS)   |e Gong Badak Campus